000 00799nam a2200277 a 4500
999 _c2908
_d2908
001 016151880
003 UkOxU
005 20230911152334.0
008 050812r20061937enk 000 1 eng
015 _aGBA592185
_2bnb
020 _a9780141023571 (pbk)
020 _a0141023570 (pbk.)
035 _a(Uk)013325943
040 _aStDuBDS
_cKH8
082 0 4 _a813.52 STE
_222
100 1 _aSteinbeck, John,
_d1902-1968,
_eauthor.
245 1 0 _aOf mice and men /
_cJohn Steinbeck.
260 _aLondon :
_bPenguin,
_c2006.
300 _a120 p. ;
_c19 cm.
500 _aOriginally published: 1937
650 0 _aPeople with mental disablilities
_vFiction.
650 0 _aMale friendship
_vFiction.
651 0 _aCalifornia
_xSocial conditions
_vFiction.
830 0 _aRed classics
942 _2ddc
_cTR